LEADER 01184nam a2200253 i 4500 001 000000226213 003 CaOOAMICUS 005 20140115000000.0 008 140115s1991 xx u000 u fre u 013 $a205115 020 $a2-85121-101-2 040 $aSeMil$bita 245 10$aRépertoire biographique ; Supplément à la Matricule. 300 $aXIV, 271 p. 490 0 $aCollection des études augustiniennes. Série Moyen Âge et temps moderne ;$v24 650 4$aBenedettini - Storia.$0(OLS)http://semarc/subject/6053 700 1 $aChaussy, Yves,$c.$0(OLS)http://semarc/name/992 773 0 $aChaussy, Yves $tBénédictins de Saint-Maur.$dParis : Études Augustiniennes, 1989-1991.$gTome2$w()1135 830 0$aCollection des études augustiniennes. Série Moyen Âge et temps moderne ;$v24.$0(OLS)http://semarc/title/31247 850 $aSeMil 852 $aSeMil$W1$xVenegono$y1$m2N IV 99$j176559$B176559$CSeMilBibl$Z2$F187229 $81 961 $aAcquisto: Casa editrice 996 $6020$a2-85121-101-2$9(OLS)http://semarc/number/227393 996 $6245$aRépertoire biographique ; Supplément à la Matricule$9(OLS)http://semarc/title/323889 LEADER 00766nas a2200205 i 4500 001 000000237554 003 CaOOAMICUS 005 20150105000000.0 008 150105b1994 it uu u0 0ita r 013 $a216459 040 $aSeMil$bita 245 10$a1994 :$bgennaio. [6 gennaio-13 febbraio]. 260 $aBrescia :$bQueriniana,$c1994. 300 $a175 p. ;$c22 cm. 773 0 $tServizio della Parola.$dBrescia : Queriniana, 1968.$w()3162 774 0 $tAccoglienza e solidarietà.$w()283364 850 $aSeMil 852 $aSeMil$W1$xVenegono$y1$m40 6 254$j187900$B187900$CSeMilBibl$Z2$F198824 $85 996 $6245$a1994 :$bgennaio. [6 gennaio-13 febbraio]$9(OLS)http://semarc/title/338560 996 $6260$aBrescia :$bQueriniana$9(OLS)http://semarc/publisher/29615